| 000 | 00739cam a22002173a 4500 | ||
|---|---|---|---|
| 001 | 45051 | ||
| 003 | PGUSA | ||
| 005 | 20140828084029.0 | ||
| 008 | 140302s2014||||xxu|||||s|||||000 | eng d | ||
| 040 |
_aPGUSA _beng |
||
| 042 | _adc | ||
| 100 | 1 | _aClayton, William | |
| 245 | 1 | 0 |
_aWilliam Clayton's Journal : _bA Daily Record of the Journey of the Original Company of "Mormon" Pioneers from Nauvoo, Illinois, to the Valley of the Great Salt Lake _h[electronic resource] / _cWilliam Clayton |
| 260 |
_bProject Gutenberg, _c2014 |
||
| 506 | _aPublic domain in the USA. | ||
| 516 | _aElectronic text | ||
| 700 | 1 | _aClayton, Lawrence | |
| 830 | 0 |
_aProject Gutenberg _v45051 |
|
| 856 | 4 | 0 | _uhttp://www.gutenberg.org/ebooks/45051 |
| 942 | _cEB | ||
| 999 |
_c274302 _d274302 |
||